000 00468nmm a2200157Ia 4500
008 251105s9999||||xx |||||||||||||||||und||
041 _aspa
100 _aRamírez Mellado, José María
245 0 _aEl cerebro del universo
264 _a[Madrid, España] :
_bEditorial Club Universitario: ECU,
_c2024
300 _a318 páginas
490 _aECU
650 _aScience fiction & Fantasy
856 _uhttps://public.digitaliapublishing.com/a/163765
942 _cCF
999 _c99106
_d99106